000 00547nam a2200193 4500
001 18018
005 20230410130455.0
008 060907n2003 dr spa
020 _a0826458459
035 _9funglode18159
041 _aEN
050 1 4 _aPE 1135 B167e 2003
100 _aBaker, Joanna
245 1 _aEssential speaking skills :
_ba handbook for english language teachers /
_cJoanna Baker and Heather Westrup
260 _aLondon :
_bContinuum,
_c2003
300 _a170 p.
700 _aWestrup, Heather
942 _2lcc
_cbk
999 _c74913
_d74913